|
|
|
|
| LEADER |
00873nam a22002412a 4500 |
| 001 |
000469960 |
| 003 |
CZ BrMZK |
| 005 |
20130131121852.0 |
| 007 |
ta |
| 008 |
000105s1972 xo f slo d |
| 040 |
|
|
|a BOA001
|b cze
|
| 041 |
0 |
|
|a slo
|b ger
|
| 100 |
1 |
|
|a Kraskovská, Ľudmila,
|d 1904-1999
|7 jk01062904
|4 aut
|
| 245 |
1 |
0 |
|a Slovansko-avarské pohrebisko pri Záhorskej Bystrici /
|b Ľ. Kraskovská
|
| 250 |
|
|
|a 1. vyd.
|
| 260 |
|
|
|a Martin :
|b Osveta,
|c 1972
|
| 300 |
|
|
|a 166 s., příl.
|
| 490 |
1 |
|
|a Fontes Archeologického ústavu Slovenského národného múzea v Bratislave ;
|v t. 1
|
| 546 |
|
|
|a Německé resumé
|
| 830 |
|
0 |
|a Fontes Archeologického ústavu Slovenského národného múzea v Bratislave
|
| 910 |
|
|
|a BOA001
|b 2-0694.876
|
| 990 |
|
|
|a BK
|
| 996 |
7 |
|
|b 2619754617
|c 2-0694.876
|l Sklad H1
|r Sklad / do 24 hodin
|n 4
|h HS212
|w 000469960
|u 000010
|a 1
|e BOA001
|j MZK50
|s A
|